| 000 -LEADER |
| fixed length control field |
01977cam a2200445 a 4500 |
| 001 - CONTROL NUMBER |
| control field |
13973715 |
| 003 - CONTROL NUMBER IDENTIFIER |
| control field |
NUST |
| 005 - DATE AND TIME OF LATEST TRANSACTION |
| control field |
20191004103825.0 |
| 008 - FIXED-LENGTH DATA ELEMENTS--GENERAL INFORMATION |
| fixed length control field |
050518s2005 dcudk b f000 0 eng d |
| 010 ## - LIBRARY OF CONGRESS CONTROL NUMBER |
| LC control number |
2005927779 |
| 020 ## - INTERNATIONAL STANDARD BOOK NUMBER |
| International Standard Book Number |
0309097533 (pbk.) |
| 020 ## - INTERNATIONAL STANDARD BOOK NUMBER |
| International Standard Book Number |
9780309097536 |
| 035 ## - SYSTEM CONTROL NUMBER |
| System control number |
(OCoLC)ocm62218090 |
| 038 ## - RECORD CONTENT LICENSOR |
| Staff Name |
MSOHAIL |
| 040 ## - CATALOGING SOURCE |
| Original cataloging agency |
TRL |
| Transcribing agency |
TRL |
| Modifying agency |
DAY |
| -- |
TDG |
| -- |
OCLCQ |
| -- |
DLC |
| 042 ## - AUTHENTICATION CODE |
| Authentication code |
lccopycat |
| 043 ## - GEOGRAPHIC AREA CODE |
| Geographic area code |
n-us--- |
| 050 00 - LIBRARY OF CONGRESS CALL NUMBER |
| Classification number |
HE206.2 |
| Item number |
.W37 2005 |
| 082 ## - DEWEY DECIMAL CLASSIFICATION NUMBER |
| Classification number |
0 |
| 100 1# - MAIN ENTRY--PERSONAL NAME |
| Personal name |
Warne, Thomas R. |
| 9 (RLIN) |
22522 |
| 245 10 - TITLE STATEMENT |
| Title |
Developing transportation agency leaders / |
| Statement of responsibility, etc. |
consultant, Thomas R. Warne. |
| 260 ## - PUBLICATION, DISTRIBUTION, ETC. |
| Place of publication, distribution, etc. |
Washington, D.C. : |
| Name of publisher, distributor, etc. |
Transportation Research Board, National Research Council, |
| Date of publication, distribution, etc. |
2005. |
| 300 ## - PHYSICAL DESCRIPTION |
| Extent |
51 p. : |
| Other physical details |
charts, forms ; |
| Dimensions |
28 cm. |
| 490 1# - SERIES STATEMENT |
| Series statement |
NCHRP synthesis, |
| International Standard Serial Number |
0547-5570 ; |
| Volume/sequential designation |
349 |
| 500 ## - GENERAL NOTE |
| General note |
"Research sponsored by the American Association of State Highway and Transportation Officials in cooperation with the Federal Highway Administration." |
| 504 ## - BIBLIOGRAPHY, ETC. NOTE |
| Bibliography, etc. note |
Includes bibliographical references. |
| 530 ## - ADDITIONAL PHYSICAL FORM AVAILABLE NOTE |
| Additional physical form available note |
Also available online. |
| 650 #0 - SUBJECT ADDED ENTRY--TOPICAL TERM |
| Topical term or geographic name entry element |
Transportation agencies |
| Geographic subdivision |
United States |
| General subdivision |
States |
| -- |
Personnel management. |
| 9 (RLIN) |
22849 |
| 650 #0 - SUBJECT ADDED ENTRY--TOPICAL TERM |
| Topical term or geographic name entry element |
Transportation agencies |
| Geographic subdivision |
United States |
| General subdivision |
States |
| -- |
Management. |
| 9 (RLIN) |
22850 |
| 650 #0 - SUBJECT ADDED ENTRY--TOPICAL TERM |
| Topical term or geographic name entry element |
Transport workers |
| Geographic subdivision |
United States |
| General subdivision |
States. |
| 9 (RLIN) |
22851 |
| 710 2# - ADDED ENTRY--CORPORATE NAME |
| Corporate name or jurisdiction name as entry element |
National Cooperative Highway Research Program. |
| 9 (RLIN) |
20864 |
| 710 2# - ADDED ENTRY--CORPORATE NAME |
| Corporate name or jurisdiction name as entry element |
National Research Council (U.S.). |
| Subordinate unit |
Transportation Research Board. |
| 9 (RLIN) |
22852 |
| 710 2# - ADDED ENTRY--CORPORATE NAME |
| Corporate name or jurisdiction name as entry element |
American Association of State Highway and Transportation Officials. |
| 9 (RLIN) |
19553 |
| 710 1# - ADDED ENTRY--CORPORATE NAME |
| Corporate name or jurisdiction name as entry element |
United States. |
| Subordinate unit |
Federal Highway Administration. |
| 9 (RLIN) |
20149 |
| 830 #0 - SERIES ADDED ENTRY--UNIFORM TITLE |
| Uniform title |
Synthesis of highway practice ; |
| Volume/sequential designation |
349. |
| 9 (RLIN) |
22853 |
| 856 41 - ELECTRONIC LOCATION AND ACCESS |
| Uniform Resource Identifier |
<a href="http://trb.org/publications/nchrp/nchrp%5fsyn%5f349.pdf">http://trb.org/publications/nchrp/nchrp%5fsyn%5f349.pdf</a> |
| 906 ## - LOCAL DATA ELEMENT F, LDF (RLIN) |
| a |
7 |
| b |
cbc |
| c |
copycat |
| d |
2 |
| e |
epcn |
| f |
20 |
| g |
y-gencatlg |
| 942 ## - ADDED ENTRY ELEMENTS (KOHA) |
| Source of classification or shelving scheme |
|
| Koha item type |
Book |